000
00286nam a22001337a 4500
008
180308b xxu||||| |||| 00| 0 eng d
020
_a
9781121765603
041
_a
eng
080
_a
579
100
_a
11
101
_a
MIK
245
_a
Microbiology
_c
Midway College
942
_2
udc
_c
BK
999
_c
44402
_d
44402